<?xml version="1.0" encoding="UTF-8"?>
<record
    xmlns:xsi="http://www.w3.org/2001/XMLSchema-instance"
    xsi:schemaLocation="http://www.loc.gov/MARC21/slim http://www.loc.gov/standards/marcxml/schema/MARC21slim.xsd"
    xmlns="http://www.loc.gov/MARC21/slim">

  <leader>00733nab a2200229 uc4500</leader>
  <controlfield tag="001">722718</controlfield>
  <controlfield tag="005">20240201170321.0</controlfield>
  <controlfield tag="008">020227s1999                        eng  </controlfield>
  <datafield tag="035" ind1=" " ind2=" ">
    <subfield code="a">722718</subfield>
  </datafield>
  <datafield tag="035" ind1=" " ind2=" ">
    <subfield code="a">(OCoLC)819933874</subfield>
  </datafield>
  <datafield tag="040" ind1=" " ind2=" ">
    <subfield code="c">comduadb</subfield>
  </datafield>
  <datafield tag="041" ind1=" " ind2=" ">
    <subfield code="a">eng</subfield>
  </datafield>
  <datafield tag="100" ind1="1" ind2="0">
    <subfield code="a">Navarro Frometa, A. E.</subfield>
    <subfield code="4">aut</subfield>
    <subfield code="e">aut</subfield>
    <subfield code="9">353154</subfield>
  </datafield>
  <datafield tag="245" ind1="1" ind2="0">
    <subfield code="a">Characterization of Cuban oils asphaltenes</subfield>
  </datafield>
  <datafield tag="650" ind1=" " ind2=" ">
    <subfield code="a">Asf&#xE1;ltenos</subfield>
    <subfield code="9">74935</subfield>
  </datafield>
  <datafield tag="650" ind1=" " ind2=" ">
    <subfield code="a">Pir&#xF3;lisis de hidrocarburos</subfield>
    <subfield code="9">173691</subfield>
  </datafield>
  <datafield tag="650" ind1=" " ind2=" ">
    <subfield code="a">An&#xE1;lisis cromatogr&#xE1;fico</subfield>
    <subfield code="9">56006</subfield>
  </datafield>
  <datafield tag="650" ind1=" " ind2=" ">
    <subfield code="a">Petr&#xF3;leo crudo</subfield>
    <subfield code="9">37018</subfield>
  </datafield>
  <datafield tag="650" ind1=" " ind2=" ">
    <subfield code="a">Geoqu&#xED;mica</subfield>
    <subfield code="9">32360</subfield>
  </datafield>
  <datafield tag="773" ind1="0" ind2=" ">
    <subfield code="t">Revista Cubana de Qu&#xED;mica (Cuba)</subfield>
    <subfield code="g">Vol. 11, No. 01, Ene.-Abr. 1999, p. 43-50</subfield>
    <subfield code="w">722421</subfield>
    <subfield code="x">0258-5995</subfield>
    <subfield code="0">229337</subfield>
  </datafield>
  <datafield tag="942" ind1=" " ind2=" ">
    <subfield code="c">ARIMP</subfield>
  </datafield>
  <datafield tag="999" ind1=" " ind2=" ">
    <subfield code="c">239051</subfield>
    <subfield code="d">239051</subfield>
  </datafield>
</record>
